Quizzes
Events
Quiz Creation
Community
Videos
Private Events
Remove Ads
Sign In
Join for FREE
Feedback
Dark Mode
Quiz Categories
Sports
Geography
Music
Movies
Television
Just For Fun
Miscellaneous
History
Literature
Language
Science
Gaming
Entertainment
Religion
Holiday
For Kids
Quiz Lab
Recent
Popular Today
Quiz Kudos Today
Editor Picks
Curator Picks
Quizzes by...
Day
Popularity
Type
Ratings
Length
Year
Community
Subscriptions
Recent Discussions
Orange Saloon
Badges
Playlists
Quests
Create
Leaderboards
Showdown
Live 5
Trivia Bingo
Activity
Puzzle Library
Sporcle Events
Private Events
Virtual Trivia
Globe League
Become a Host
Pub Owners
SporcleCon
Opinionation
Our Games
Videos
Blog
Mobile Apps
Partnerships
Remove Ads and Go Orange
Feedback
Geography
Country
Landmarks
City
State
Population
World
Capital
Continent
Flags
Europe
Africa
Asia
South America
North America
Oceania
Border
Canada
United Kingdom
Topography
United States
Geography
Country
Landmarks
City
State
Population
World
Capital
Continent
Flags
Europe
Africa
Asia
South America
North America
Oceania
Border
Canada
United Kingdom
Topography
United States
Random Quiz
Search Sporcle
×
Quiz Lab
Quiz Lab
Geography
United States
Type in answers that appear in a list
Type in answers that appear in a list
Classic
Best Score? Go Orange.
Nicknames of the Hawaiian Islands Stats
Can you name the Hawaiian islands by their nicknames?
By
mojo_JJ3
5m
8 Questions
164 Plays
164 Plays
164 Plays
Comments
Comments
Give Quiz Kudos
Give Quiz Kudos
-
- Ratings
hide this ad
More Info
Forced Order
Answers have to be entered in order
Answers have to be entered in order
Replay
Link that replays current quiz
Next Quiz
Link to next quiz in quiz playlist
You Got
0%
They Got
Avg Score
92%
Avg Friend Score
Upgrade to see
Score Distribution
Jump to the score distribution portion of the page
Score
0/8
Timer
05:00
0
Plays Today
Nickname
Island
% Correct
The Big Island
Hawaii
98.2%
The Valley Isle
Maui
96.3%
The Garden Isle
Kauai
94.5%
The Private Isle/
The Pineapple Isle
Lanai
93.3%
The Gathering Place
Oahu
92.1%
The Forbidden Isle
Niihau
90.2%
The Friendly Isle
Molokai
90.2%
The Target Isle
Kahoolawe
82.3%
Quiz Playlist
Details
Report
Send in Message
Add To Playlist
More Info:
Can you name the Hawaiian islands by their nicknames
Classic:
Type in answers that appear in a list
Forced Order:
Answers have to be entered in order
Quiz Source
Last Updated: Feb 16, 2017
Quiz Scoreboard
CHALLENGE
Sign Up to Join the Scoreboard
Show All
Scores
Hide
Comments
May contain spoilers
Recently Published
An Introduction to Baseball
by treessimontrees
Sports
5m
Movies - When Are They Set?
by FPL_Elf
Movies
5m
Popular People in 1961
by mucciniale
History
6m
More to Explore
Quiz From the Vault
Featured Blog Post
Where Did the Easter Bunny Come From?
hide this ad
You Might Also Like...
Tags
State Quiz
United States Quiz
Hawaii
Hawaiian Islands
Today's Top Quizzes in Geography
Browse Geography
hide this ad
Today's Top Quizzes in United States
Browse United States
Top Contributed Quizzes in Geography
1
Countries of the World - No Outlines Minefield
2
Top 25 Cities of France on a map
3
Any capital of a 'B' country per Continent
4
Closest Countries to UK A-Z
5
One Thing in Common: United Kingdom
6
Any capital of a 'C' country per Continent
7
Find the Provinces of Canada - No Outlines Minefield
8
Any capital of a 'D' country per Continent
9
Find the US States - No Outlines
10
Blind Secret Country CLXXXVIII
Explore More
Trending Topics
Crossword
Marvel
Kpop
Harry Potter
Disney
Anime
NBA
Pokémon
Puzzle
Song
Country
NFL
The Office
Soccer
WWE
hide this ad
More By:
mojo_JJ3
Quiz
Plays
Rating
Category
Featured
Created
Greek Mythological Marriages
3,051
4.70
Religion
Jun 5, 2013
Greek Mythology A-Z
221
3.50
Religion
Jun 4, 2013
Greek 'H' Gods
185
5.00
Religion
May 27, 2013
Nicknames of the Hawaiian Islands
164
5.00
Geography
Jun 13, 2013
Lovers and Children of Zeus
137
Religion
Jun 4, 2013
Go to Creator's Profile
Score Distribution
Quiz Creator Spotlight
mojo_JJ3
Follow
Send a Message
Quizzes Created
-
Created Quiz Play Count
-
More By This Creator
Popular Quizzes Today
1
Find the Countries of Europe - No Outlines Minefield
2
Find the US States - No Outlines Minefield
3
The Countries of the World
4
Popular People in 1961
5
Find the US States
6
US States
7
1-10 Letter E Words III
8
Risky Map Clicking: Biggest States A-Z
More Geography Quizzes
Three-State Borders
Published
Trending Quizzes
Risky Map Clicking: Least Populous States A-Z
1-10 Letter F Words
1-10 Letter G Words
One Thing in Common: United Kingdom
Risky Map Clicking: Next State Alphabetically
Recently Updated
Leaping Animals
pecheneg
Reality TV Shows (A-Z)
bhenderson79
Rickey Henderson's Hall of Fame Teammates
pecheneg
Champions League XIs: Arsenal
pecheneg
Quick Pick: Celebrities in WWE's Hall of Fame
aduchscher
A-Z Keypad Blitz II
pecheneg
Multiple Oscar Actors
pecheneg
Mystery Phrase Blitz: Oscar 'Best Actors'
pecheneg
F. Scott Fitzgerald Novels
LTH
Pick 3 Villains
ddd62291
Trending Topics
Crossword
Marvel
Anime
Disney
Harry Potter
NBA
Kpop
Song
Puzzle
NFL
The Office
Soccer
Country
WWE
Pokémon
Your Account Isn't Verified!
In order to create a playlist on Sporcle, you need to verify the email address you used during registration. Go to your
Sporcle Settings
to finish the process.
Report this User
Report this user for behavior that violates our
Community Guidelines
.
Details:
Send Report
Go to the Sporcle.com Mobile Site →
Comments